000
00507nam a2200133Ia 4500
008
151213s9999 xx 000 0 und d
100
_a
তধশধৎরধ ঝযরৎধুর
245
_a
অনরফ অুধফ ঝবষবপঃবফ চড়বসং
_c
তধশধৎরধ ঝযরৎধুর
260
_a
উযধশধ
_b
ঝযরষঢ়ধঃধৎড়ড়
_c
1993
300
_a
8719 p.
650
_a
Bangla
700
_a
তধশধৎরধ ঝযরৎধুর
999
_c
4505
_d
4505